Cargando...

Agni: the vedic ritual of the fire altar Vol.I /

Detalles Bibliográficos
Autor Principal: Staal, Frits
Formato: Printed Book
Publicado: New Delhi : Motilal Banarsidass , 1986.
Subjects:
LEADER 00479cam a2200145ua 4500
999 |c 37497  |d 37497 
020 |a 0895814501 
082 1 4 |a 294.5921  |b STA-A 
100 1 |a Staal, Frits . 
245 1 0 |a Agni:   |b the vedic ritual of the fire altar Vol.I /  
260 |a New Delhi :   |b Motilal Banarsidass ,   |c 1986. 
300 |a 716p.;  
650 0 |a Agnicayana  
942 |c REF 
952 |0 0  |1 0  |4 0  |6 294_592100000000000_STAA_1  |7 0  |9 48055  |a KU  |b KU  |d 2015-07-05  |h v.1  |l 0  |o 294.5921 STA-A.1  |p AN00894  |r 2015-07-05  |y REF